[Event "IX IBCA World Team Ch. for the Blind an"]
[Site "Ohrid, North Macedonia"]
[Date "2022.06.30"]
[Round "3.3"]
[White "Schulz, Gert"]
[Black "Drazetic, Novica"]
[Result "1-0"]
[WhiteElo "1931"]
[BlackElo "1605"]
[PlyCount "73"]
[EventDate "2022.06.28"]
[EventType "team"]
[EventRounds "7"]
[EventCountry "MKD"]
[WhiteTeam "Germany"]
[BlackTeam "Croatia"]
[WhiteTeamCountry "GER"]
[BlackTeamCountry "CRO"]

1. c4 e6 2. d4 d5 3. Nc3 c5 4. cxd5 exd5 5. Nf3 Nc6 6. g3 Nf6 7. Bg2 Be7 8. O-O
O-O 9. Bg5 cxd4 10. Nxd4 Nxd4 11. Qxd4 Be6 12. Rfd1 h6 13. Bf4 Qa5 14. Nxd5
Nxd5 15. Bxd5 Rfd8 16. e4 Rd7 17. Qc3 Qxc3 18. bxc3 Rad8 19. c4 b5 20. cxb5
Bxd5 21. exd5 Rxd5 22. Rxd5 Rxd5 23. a4 Bd8 24. Kf1 Kf8 25. Ke2 Ke8 26. h4 h5
27. Ra2 Rd7 28. Rd2 Ba5 29. Rxd7 Kxd7 30. Be3 a6 31. bxa6 Kc7 32. a7 Kb7 33.
Kd3 Bc7 34. Ke4 Ka8 35. Kf5 Kb7 36. Kg5 g6 37. Kf6 1-0

[Event "IX IBCA World Team Ch. for the Blind an"]
[Site "Ohrid, North Macedonia"]
[Date "2022.06.30"]
[Round "3.4"]
[White "Kljaic, Kresimir"]
[Black "Dyballa, Gerhard"]
[Result "1/2-1/2"]
[WhiteElo "1543"]
[BlackElo "1912"]
[PlyCount "46"]
[EventDate "2022.06.28"]
[EventType "team"]
[EventRounds "7"]
[EventCountry "MKD"]
[WhiteTeam "Croatia"]
[BlackTeam "Germany"]
[WhiteTeamCountry "CRO"]
[BlackTeamCountry "GER"]

1. e4 e6 2. Nf3 d5 3. Nc3 c5 4. exd5 exd5 5. Bb5+ Nc6 6. O-O Bd6 7. d4 Nge7 8.
dxc5 Bxc5 9. Re1 O-O 10. Bg5 Bg4 11. Qd3 Nb4 12. Qd2 f6 13. Bf4 Bxf3 14. gxf3
Nf5 15. Ba4 Kh8 16. a3 Nd4 17. Kg2 Nbc6 18. b4 Bb6 19. Ne2 Nf5 20. Bg3 g5 21.
Rad1 Nce7 22. Bb3 h5 23. h3 h4 1/2-1/2

[Event "IX IBCA World Team Ch. for the Blind an"]
[Site "Ohrid, North Macedonia"]
[Date "2022.06.30"]
[Round "3.1"]
[White "Pulvett Marin, Daniel Eduardo"]
[Black "Dimic, Pavle"]
[Result "0-1"]
[WhiteElo "2523"]
[BlackElo "2356"]
[PlyCount "64"]
[EventDate "2022.06.28"]
[EventType "team"]
[EventRounds "7"]
[EventCountry "MKD"]
[WhiteTeam "Spain"]
[BlackTeam "Serbia"]
[WhiteTeamCountry "ESP"]
[BlackTeamCountry "SRB"]

1. d4 Nf6 2. c4 g6 3. Nc3 Bg7 4. e4 d6 5. Nf3 O-O 6. Be2 e5 7. d5 a5 8. Bg5 h6
9. Be3 Ng4 10. Bd2 f5 11. exf5 gxf5 12. h3 Nf6 13. g4 Ne4 14. g5 Nxd2 15. Qxd2
e4 16. gxh6 Bf6 17. Rg1+ Kh8 18. Nd4 Rg8 19. Rxg8+ Qxg8 20. Ne6 Bxe6 21. dxe6
Qxe6 22. Nd5 Na6 23. Nf4 Qg8 24. O-O-O Qg5 25. Bh5 Rg8 26. h7 Kxh7 27. Bf7 Rg7
28. h4 Qxh4 29. Bg6+ Rxg6 30. Nxg6 Kxg6 31. Rg1+ Qg5 32. Rd1 Nc5 0-1

[Event "IX IBCA World Team Ch. for the Blind an"]
[Site "Ohrid, North Macedonia"]
[Date "2022.06.30"]
[Round "3.2"]
[White "Jandric, Damjan"]
[Black "Draghici Flutur, Gavril"]
[Result "1-0"]
[WhiteElo "2145"]
[BlackElo "2100"]
[PlyCount "79"]
[EventDate "2022.06.28"]
[EventType "team"]
[EventRounds "7"]
[EventCountry "MKD"]
[WhiteTeam "Serbia"]
[BlackTeam "Spain"]
[WhiteTeamCountry "SRB"]
[BlackTeamCountry "ESP"]

1. e4 c5 2. Nc3 Nc6 3. Bb5 Nd4 4. Nf3 a6 5. Bd3 g6 6. Rb1 Bg7 7. b4 cxb4 8.
Rxb4 Nc6 9. Rb1 Nh6 10. Bb2 O-O 11. Nd5 f6 12. Bc4 e6 13. Ne3 b5 14. Bb3 Na5
15. O-O Bb7 16. d3 Nxb3 17. cxb3 d5 18. Nd2 Qd6 19. exd5 Bxd5 20. Ne4 Qd8 21.
Rc1 Qa5 22. a3 Rad8 23. b4 Qb6 24. Nxd5 Rxd5 25. Qc2 e5 26. Qb3 Qe6 27. Nc5 Qf7
28. Nxa6 Rfd8 29. Nc7 Rxd3 30. Qxf7+ Kxf7 31. Nxb5 Rb3 32. Rc7+ Kf8 33. Bc3 Nf5
34. a4 Nd4 35. Nxd4 exd4 36. Bd2 Rb2 37. Rd1 f5 38. a5 Re8 39. Kf1 Re6 40. Rc8+
1-0

[Event "IX IBCA World Team Ch. for the Blind an"]
[Site "Ohrid, North Macedonia"]
[Date "2022.06.30"]
[Round "3.3"]
[White "Vela Ignacio, Jose Manuel"]
[Black "Janjic, Stefan"]
[Result "0-1"]
[WhiteElo "2026"]
[BlackElo "2144"]
[PlyCount "60"]
[EventDate "2022.06.28"]
[EventType "team"]
[EventRounds "7"]
[EventCountry "MKD"]
[WhiteTeam "Spain"]
[BlackTeam "Serbia"]
[WhiteTeamCountry "ESP"]
[BlackTeamCountry "SRB"]

1. d4 e6 2. c4 f5 3. Nc3 Nf6 4. Bg5 Be7 5. g3 O-O 6. Bg2 d6 7. Nh3 c6 8. O-O h6
9. Bxf6 Bxf6 10. e4 Qb6 11. c5 Qxb2 12. Qd3 Qb4 13. Ne2 dxc5 14. Rab1 Qa4 15.
exf5 cxd4 16. fxe6 Bxe6 17. Rxb7 Bc4 18. Qg6 Qa6 19. Rfb1 Bd3 20. Be4 Bxe4 21.
Qxe4 Qxa2 22. Nef4 Na6 23. Qxc6 Rfc8 24. Qd6 Rd8 25. Qc6 Rac8 26. Qf3 Nc5 27.
R7b2 Qf7 28. Nh5 d3 29. Nxf6+ Qxf6 30. Qd1 Qc3 0-1

[Event "IX IBCA World Team Ch. for the Blind an"]
[Site "Ohrid, North Macedonia"]
[Date "2022.06.30"]
[Round "3.4"]
[White "Bjelanovic, Mile"]
[Black "Fernandez Lago, David"]
[Result "1-0"]
[WhiteElo "2015"]
[BlackElo "1950"]
[PlyCount "67"]
[EventDate "2022.06.28"]
[EventType "team"]
[EventRounds "7"]
[EventCountry "MKD"]
[WhiteTeam "Serbia"]
[BlackTeam "Spain"]
[WhiteTeamCountry "SRB"]
[BlackTeamCountry "ESP"]

1. e4 c5 2. Nf3 d6 3. c3 Nf6 4. h3 Nc6 5. Bd3 e5 6. O-O g5 7. Nh2 Rg8 8. Ng4 h5
9. Nxf6+ Qxf6 10. f3 Qh6 11. Bc4 Be7 12. d3 Rg7 13. Be3 Qg6 14. g4 Bd7 15. Na3
O-O-O 16. Kg2 Rh8 17. Bg1 Qh6 18. Kf2 Qf6 19. Ke2 Rgh7 20. Nc2 Be6 21. Ne3 Qf4
22. Bd5 Bd7 23. Nf5 Bxf5 24. gxf5 Qg3 25. Bf2 Qf4 26. Bxc6 bxc6 27. Qa4 Kb7 28.
b4 g4 29. Be3 Qh2+ 30. Rf2 gxf3+ 31. Kd2 Qg3 32. bxc5 dxc5 33. Rb1+ Kc7 34.
Qxa7+ 1-0

[Event "IX IBCA World Team Ch. for the Blind an"]
[Site "Ohrid, North Macedonia"]
[Date "2022.06.30"]
[Round "3.1"]
[White "Somender, B L."]
[Black "Streltsov, Alexey"]
[Result "0-1"]
[WhiteElo "1491"]
[BlackElo "2229"]
[PlyCount "88"]
[EventDate "2022.06.28"]
[EventType "team"]
[EventRounds "7"]
[EventCountry "MKD"]
[WhiteTeam "India"]
[BlackTeam "Israel"]
[WhiteTeamCountry "IND"]
[BlackTeamCountry "ISR"]

1. c4 e5 2. Nc3 Bb4 3. Nd5 Be7 4. e3 Nf6 5. Nxe7 Qxe7 6. Ne2 O-O 7. Nc3 c6 8.
d4 d5 9. dxe5 Qxe5 10. Be2 Re8 11. cxd5 cxd5 12. O-O Nc6 13. Bf3 Be6 14. Nb5 h5
15. h3 g5 16. Bd2 Ne4 17. Bc3 Nxc3 18. bxc3 g4 19. hxg4 hxg4 20. Bxg4 Kg7 21.
Nd4 Rh8 22. Nxe6+ fxe6 23. Bh3 Rag8 24. Qf3 Rh6 25. Rab1 b6 26. c4 Rf6 27. Qe2
Ne7 28. Rfd1 Rgf8 29. Rb2 dxc4 30. Rd4 b5 31. Rd7 Qc5 32. Qg4+ Kf7 33. Qe4 Rb8
34. Rbd2 Ke8 35. Bxe6 c3 36. Rc2 b4 37. Rxa7 Qxa7 38. Qe5 Rh6 39. f4 Rd8 40. f5
Qa6 41. Rc1 Qd6 42. Qe4 Qh2+ 43. Kf2 Rd2+ 44. Kf3 Qxg2+ 0-1

[Event "IX IBCA World Team Ch. for the Blind an"]
[Site "Ohrid, North Macedonia"]
[Date "2022.06.30"]
[Round "3.2"]
[White "Radovilsky, Yan"]
[Black "Soundarya, Kumar Pradhan"]
[Result "1/2-1/2"]
[WhiteElo "2094"]
[BlackElo "1782"]
[PlyCount "43"]
[EventDate "2022.06.28"]
[EventType "team"]
[EventRounds "7"]
[EventCountry "MKD"]
[WhiteTeam "Israel"]
[BlackTeam "India"]
[WhiteTeamCountry "ISR"]
[BlackTeamCountry "IND"]

1. c4 Nf6 2. Nc3 e5 3. Nf3 Nc6 4. g3 d5 5. cxd5 Nxd5 6. Bg2 Be6 7. O-O Be7 8.
d3 Qd7 9. Ng5 Bxg5 10. Bxg5 f6 11. Be3 h5 12. Ne4 Qc8 13. Nc5 h4 14. Nxe6 Qxe6
15. Qb3 O-O-O 16. Rac1 hxg3 17. fxg3 Nd4 18. Bxd4 exd4 19. Be4 Kb8 20. Rf5 c6
21. Rcf1 Nc7 22. Qxe6 1/2-1/2

[Event "IX IBCA World Team Ch. for the Blind an"]
[Site "Ohrid, North Macedonia"]
[Date "2022.06.30"]
[Round "3.3"]
[White "Kishan, Gangolli"]
[Black "Akman, Adi"]
[Result "1-0"]
[WhiteElo "2092"]
[BlackElo "2002"]
[PlyCount "49"]
[EventDate "2022.06.28"]
[EventType "team"]
[EventRounds "7"]
[EventCountry "MKD"]
[WhiteTeam "India"]
[BlackTeam "Israel"]
[WhiteTeamCountry "IND"]
[BlackTeamCountry "ISR"]

1. d4 Nf6 2. c4 e5 3. dxe5 Ng4 4. Bf4 g5 5. Bg3 Bg7 6. Nf3 Nc6 7. h4 h6 8. hxg5
hxg5 9. Rxh8+ Bxh8 10. Nc3 Ncxe5 11. Nxe5 Nxe5 12. e3 Bg7 13. Qh5 d6 14. Qh7
Kf8 15. O-O-O Be6 16. f4 gxf4 17. Bh4 Qd7 18. exf4 Ng6 19. Bg5 Bf5 20. Bh6 Bxh6
21. Qxh6+ Kg8 22. Bd3 Qe6 23. Bxf5 Qxf5 24. Nd5 Qe6 25. g4 1-0

[Event "IX IBCA World Team Ch. for the Blind an"]
[Site "Ohrid, North Macedonia"]
[Date "2022.06.30"]
[Round "3.4"]
[White "Agmon, Yonatan"]
[Black "Swapanil, Shah"]
[Result "1/2-1/2"]
[WhiteElo "1697"]
[BlackElo "1652"]
[PlyCount "50"]
[EventDate "2022.06.28"]
[EventType "team"]
[EventRounds "7"]
[EventCountry "MKD"]
[WhiteTeam "Israel"]
[BlackTeam "India"]
[WhiteTeamCountry "ISR"]
[BlackTeamCountry "IND"]

1. c4 c6 2. Nc3 d5 3. cxd5 cxd5 4. d4 e6 5. Bf4 Bd6 6. Bxd6 Qxd6 7. Nf3 Nc6 8.
e3 a6 9. Bd3 Nf6 10. O-O O-O 11. Re1 g6 12. Rc1 b5 13. a3 Bb7 14. b4 Rac8 15.
Qe2 Kg7 16. Qb2 Nd7 17. h3 f5 18. Nd2 Nf6 19. Nb3 Nd7 20. f4 Kf7 21. Qf2 Qe7
22. Ne2 Nb6 23. Nc5 Nc4 24. Rc3 Rc7 25. Rb1 Rb8 1/2-1/2

[Event "IX IBCA World Team Ch. for the Blind an"]
[Site "Ohrid, North Macedonia"]
[Date "2022.07.01"]
[Round "4.1"]
[White "Streltsov, Alexey"]
[Black "Selkovski, Zarko"]
[Result "1-0"]
[WhiteElo "2229"]
[BlackElo "1967"]
[PlyCount "75"]
[EventDate "2022.06.28"]
[EventType "team"]
[EventRounds "7"]
[EventCountry "MKD"]
[WhiteTeam "Israel"]
[BlackTeam "North Macedonia"]
[WhiteTeamCountry "ISR"]

1. d4 Nf6 2. c4 g6 3. Nc3 Bg7 4. e4 d6 5. Be2 O-O 6. Be3 Nc6 7. d5 Ne5 8. f4
Ned7 9. g4 Nc5 10. Bf3 e5 11. f5 gxf5 12. gxf5 a5 13. h4 Kh8 14. Qd2 Ng8 15.
Nh3 h6 16. O-O-O a4 17. Rdg1 c6 18. Rg3 Kh7 19. Qg2 Bf6 20. Kd2 Qb6 21. Kc2 Bd7
22. Rg1 Ne7 23. Rg7+ Kh8 24. Bxh6 a3 25. b3 Nxb3 26. axb3 a2 27. Ng5 Qxg1 28.
Qxg1 a1=Q 29. Qxa1 Rxa1 30. Nxf7+ Rxf7 31. Rxf7 Bxh4 32. f6 Nf5 33. exf5 Bxf5+
34. Be4 Bxe4+ 35. Nxe4 cxd5 36. cxd5 Ra5 37. Bg5 Be1 38. Rxb7 1-0

[Event "IX IBCA World Team Ch. for the Blind an"]
[Site "Ohrid, North Macedonia"]
[Date "2022.07.01"]
[Round "4.2"]
[White "Capanov, Mile"]
[Black "Radovilsky, Yan"]
[Result "1/2-1/2"]
[WhiteElo "1951"]
[BlackElo "2094"]
[PlyCount "82"]
[EventDate "2022.06.28"]
[EventType "team"]
[EventRounds "7"]
[EventCountry "MKD"]
[WhiteTeam "North Macedonia"]
[BlackTeam "Israel"]
[BlackTeamCountry "ISR"]

1. e4 c5 2. Nf3 e6 3. g3 Nc6 4. Bg2 Nge7 5. O-O g6 6. Re1 Bg7 7. c3 d5 8. exd5
Nxd5 9. d4 cxd4 10. Nxd4 Nxd4 11. cxd4 O-O 12. h4 Qb6 13. Re4 f5 14. Re5 Bxe5
15. dxe5 f4 16. gxf4 Nxf4 17. Bxf4 Rxf4 18. Qd2 Qd4 19. Qxd4 Rxd4 20. Nc3 Bd7
21. Ne4 Bc6 22. Nf6+ Kg7 23. Rc1 Rc8 24. h5 gxh5 25. Nxh5+ Kf7 26. Nf6 Rd2 27.
Rc3 Rd1+ 28. Kh2 h5 29. Bf3 Bxf3 30. Rxf3 Kg6 31. Ne4 Rc2 32. Rf6+ Kg7 33. Ng5
h4 34. Nxe6+ Kg8 35. Rf8+ Kh7 36. Rf7+ Kg6 37. Rf6+ Kh5 38. Rf5+ Kg4 39. Rf4+
Kh5 40. Rf5+ Kg4 41. Rf4+ Kh5 1/2-1/2

[Event "IX IBCA World Team Ch. for the Blind an"]
[Site "Ohrid, North Macedonia"]
[Date "2022.07.01"]
[Round "4.3"]
[White "Akman, Adi"]
[Black "Kostadinovski, Zoran"]
[Result "1-0"]
[WhiteElo "2002"]
[BlackElo "1913"]
[PlyCount "109"]
[EventDate "2022.06.28"]
[EventType "team"]
[EventRounds "7"]
[EventCountry "MKD"]
[WhiteTeam "Israel"]
[BlackTeam "North Macedonia"]
[WhiteTeamCountry "ISR"]

1. e4 c5 2. Nf3 e6 3. Nc3 a6 4. d4 cxd4 5. Nxd4 Qc7 6. Bd3 Nf6 7. h3 Bc5 8. Be3
Bb4 9. Bd2 Bc5 10. Nb3 Be7 11. O-O b5 12. a3 Bb7 13. f4 d6 14. Qe2 Nbd7 15.
Rae1 Nc5 16. e5 Nfd7 17. exd6 Bxd6 18. f5 e5 19. Ne4 Nxe4 20. Bxe4 Nf6 21. Bxb7
Qxb7 22. Bc3 O-O 23. Nd2 Rfe8 24. Kh1 Rac8 25. Rf3 b4 26. axb4 Bxb4 27. Bxb4
Qxb4 28. Rb3 Qd4 29. c3 Qd5 30. Ra3 Rcd8 31. Nf1 a5 32. Rea1 Ra8 33. Ne3 Qc5
34. b4 Qc7 35. c4 h5 36. Rxa5 Rxa5 37. Rxa5 Rb8 38. Rc5 Qd6 39. Nd5 Nxd5 40.
cxd5 h4 41. Qc4 Qd7 42. f6 g5 43. Qe4 Re8 44. Rc6 Qa7 45. b5 Qa1+ 46. Kh2 Qd4
47. Qxd4 exd4 48. Rc4 d3 49. d6 Rd8 50. Rd4 Kh7 51. d7 Kg6 52. b6 Kxf6 53. b7
Ke7 54. Rxd3 f5 55. Re3+ 1-0

[Event "IX IBCA World Team Ch. for the Blind an"]
[Site "Ohrid, North Macedonia"]
[Date "2022.07.01"]
[Round "4.4"]
[White "Atanasovski, Blazhe"]
[Black "Agmon, Yonatan"]
[Result "0-1"]
[WhiteElo "1763"]
[BlackElo "1697"]
[PlyCount "64"]
[EventDate "2022.06.28"]
[EventType "team"]
[EventRounds "7"]
[EventCountry "MKD"]
[WhiteTeam "North Macedonia"]
[BlackTeam "Israel"]
[BlackTeamCountry "ISR"]

1. e4 c5 2. Nf3 a6 3. d4 cxd4 4. Nxd4 Nf6 5. Nc3 d6 6. Be2 g6 7. O-O Bg7 8. Be3
O-O 9. h3 b5 10. a3 Bb7 11. Bf3 Nbd7 12. g3 Nc5 13. Nd5 Ncxe4 14. Nxf6+ Bxf6
15. Bh6 Re8 16. Re1 d5 17. c3 e5 18. Nc2 Nc5 19. Be3 Rc8 20. Nb4 e4 21. Bg2 a5
22. Nc2 Nd3 23. Qb1 Nxe1 24. Qxe1 Qe7 25. Bf1 Bc6 26. Be2 Be5 27. Rd1 b4 28.
axb4 Ba4 29. Qd2 axb4 30. Rc1 bxc3 31. bxc3 Bxc3 32. Qxd5 Bb2 0-1

[Event "IX IBCA World Team Ch. for the Blind an"]
[Site "Ohrid, North Macedonia"]
[Date "2022.07.01"]
[Round "4.1"]
[White "Dimic, Pavle"]
[Black "Somender, B L."]
[Result "1-0"]
[WhiteElo "2356"]
[BlackElo "1491"]
[PlyCount "58"]
[EventDate "2022.06.28"]
[EventType "team"]
[EventRounds "7"]
[EventCountry "MKD"]
[WhiteTeam "Serbia"]
[BlackTeam "India"]
[WhiteTeamCountry "SRB"]
[BlackTeamCountry "IND"]

1. d4 Nf6 2. Nf3 g6 3. c4 Bg7 4. g3 c5 5. Bg2 O-O 6. O-O cxd4 7. Nxd4 Nc6 8.
Nc3 Qb6 9. e3 d6 10. b3 Bd7 11. Bb2 Rfc8 12. h3 h5 13. Qe2 Qd8 14. Rfd1 Qe8 15.
Nf3 a6 16. e4 Rab8 17. Nd5 Nxd5 18. exd5 Bxb2 19. dxc6 Bxa1 20. cxd7 Qxd7 21.
Rxa1 b5 22. cxb5 Rxb5 23. Re1 e5 24. Qd2 Qe7 25. Bf1 Rb6 26. Bc4 Kg7 27. h4 Qf6
28. Ng5 Rc7 29. Re3 Qd8 1-0

[Event "IX IBCA World Team Ch. for the Blind an"]
[Site "Ohrid, North Macedonia"]
[Date "2022.07.01"]
[Round "4.2"]
[White "Soundarya, Kumar Pradhan"]
[Black "Jandric, Damjan"]
[Result "1-0"]
[WhiteElo "1782"]
[BlackElo "2145"]
[PlyCount "64"]
[EventDate "2022.06.28"]
[EventType "team"]
[EventRounds "7"]
[EventCountry "MKD"]
[WhiteTeam "India"]
[BlackTeam "Serbia"]
[WhiteTeamCountry "IND"]
[BlackTeamCountry "SRB"]

1. d4 Nf6 2. c4 g6 3. Nc3 Bg7 4. Bg5 h6 5. Bh4 d6 6. e3 O-O 7. Be2 Nbd7 8. Qc2
e5 9. Nf3 exd4 10. Nxd4 Ne5 11. Rd1 Bd7 12. O-O Re8 13. h3 Qc8 14. Rd2 Nh7 15.
Rfd1 f5 16. Bg3 a6 17. e4 Nf6 18. exf5 gxf5 19. Nf3 Nf7 20. Bd3 Ng5 21. Nxg5
hxg5 22. h4 Nh5 23. Ne2 gxh4 24. Bxh4 Bh6 25. Nd4 Rf8 26. Re2 Ng7 27. Rde1 c5
28. Nf3 Be6 29. Be7 Rf7 30. Bxd6 Bd7 31. Ne5 Rf6 32. Be7 Rb6 1-0

[Event "IX IBCA World Team Ch. for the Blind an"]
[Site "Ohrid, North Macedonia"]
[Date "2022.07.01"]
[Round "4.3"]
[White "Janjic, Stefan"]
[Black "Kishan, Gangolli"]
[Result "1/2-1/2"]
[WhiteElo "2144"]
[BlackElo "2092"]
[PlyCount "54"]
[EventDate "2022.06.28"]
[EventType "team"]
[EventRounds "7"]
[EventCountry "MKD"]
[WhiteTeam "Serbia"]
[BlackTeam "India"]
[WhiteTeamCountry "SRB"]
[BlackTeamCountry "IND"]

1. d4 Nf6 2. Nf3 d5 3. c4 e6 4. Nc3 a6 5. cxd5 exd5 6. Bg5 Be6 7. e3 Nbd7 8.
Bd3 Bd6 9. Qc2 h6 10. Bh4 c6 11. Bg3 Qc7 12. Bf5 Bxf5 13. Qxf5 Bxg3 14. hxg3
Qd6 15. O-O O-O 16. Ne5 Nxe5 17. dxe5 Qd7 18. Qxd7 Nxd7 19. f4 Rae8 20. Rfd1 f6
21. e4 fxe5 22. exd5 cxd5 23. Rxd5 Nb6 24. Rxe5 Rxe5 25. fxe5 Re8 26. Re1 Re6
27. b3 Nd7 1/2-1/2

[Event "IX IBCA World Team Ch. for the Blind an"]
[Site "Ohrid, North Macedonia"]
[Date "2022.07.01"]
[Round "4.4"]
[White "Marimuthu, K."]
[Black "Bjelanovic, Mile"]
[Result "1/2-1/2"]
[WhiteElo "1626"]
[BlackElo "2015"]
[PlyCount "102"]
[EventDate "2022.06.28"]
[EventType "team"]
[EventRounds "7"]
[EventCountry "MKD"]
[WhiteTeam "India"]
[BlackTeam "Serbia"]
[WhiteTeamCountry "IND"]
[BlackTeamCountry "SRB"]

1. d4 Nf6 2. c4 d6 3. Nf3 Nbd7 4. Nc3 g6 5. Bf4 Bg7 6. e3 O-O 7. Be2 b6 8. O-O
Bb7 9. Qc2 Nh5 10. Bg5 h6 11. Bh4 c5 12. d5 Ndf6 13. Nd2 g5 14. Bg3 Nxg3 15.
hxg3 Bc8 16. Qd1 Bd7 17. e4 Qc8 18. Rc1 Ng4 19. Bxg4 Bxg4 20. f3 Bh5 21. g4 Bg6
22. g3 h5 23. gxh5 Qh3 24. Rf2 Bd4 25. Nf1 Qxh5 26. Ne2 Bxf2+ 27. Kxf2 Qh8 28.
Qd2 Qf6 29. Qc3 Qxc3 30. Rxc3 f5 31. exf5 Bxf5 32. Ne3 Bd7 33. b3 Rf6 34. Ng2
Re8 35. f4 e5 36. dxe6 Rfxe6 37. Ne3 g4 38. Rd3 Bc6 39. Nc3 Bf3 40. Ncd5 Rh6
41. Ke1 Rh1+ 42. Kd2 Rh2+ 43. Kc3 Kf7 44. Nf5 Ree2 45. Nde3 Rxa2 46. Rxd6 Be4
47. Rd7+ Kf8 48. Rd8+ Kf7 49. Rd7+ Kg8 50. Rd8+ Kh7 51. Rd7+ Kg8 1/2-1/2

[Event "IX IBCA World Team Ch. for the Blind an"]
[Site "Ohrid, North Macedonia"]
[Date "2022.07.01"]
[Round "4.1"]
[White "Mueller, Thorsten"]
[Black "Pulvett Marin, Daniel Eduardo"]
[Result "0-1"]
[WhiteElo "2056"]
[BlackElo "2523"]
[PlyCount "66"]
[EventDate "2022.06.28"]
[EventType "team"]
[EventRounds "7"]
[EventCountry "MKD"]
[WhiteTeam "Germany"]
[BlackTeam "Spain"]
[WhiteTeamCountry "GER"]
[BlackTeamCountry "ESP"]

1. d4 Nf6 2. Nf3 d5 3. Bf4 c5 4. e3 Nc6 5. Nbd2 e6 6. c3 g6 7. Be2 Bg7 8. O-O
cxd4 9. exd4 Nh5 10. Bg3 Nxg3 11. hxg3 O-O 12. Kh2 f6 13. Rh1 e5 14. Kg1 e4 15.
Nh2 f5 16. Nb3 Qd6 17. Nf1 b6 18. Rc1 Be6 19. Qd2 a5 20. a4 Rf7 21. Ne3 Raf8
22. c4 f4 23. gxf4 Qxf4 24. Rf1 Nb4 25. cxd5 Nxd5 26. Bc4 Qd6 27. Nxd5 Bxd5 28.
Bxd5 Qxd5 29. Qe3 b5 30. axb5 a4 31. Nd2 Rxf2 32. Rxf2 Bxd4 33. Rxf8+ Kxf8 0-1

[Event "IX IBCA World Team Ch. for the Blind an"]
[Site "Ohrid, North Macedonia"]
[Date "2022.07.01"]
[Round "4.2"]
[White "Draghici Flutur, Gavril"]
[Black "Dobierzin, Olaf"]
[Result "1-0"]
[WhiteElo "2100"]
[BlackElo "2007"]
[PlyCount "75"]
[EventDate "2022.06.28"]
[EventType "team"]
[EventRounds "7"]
[EventCountry "MKD"]
[WhiteTeam "Spain"]
[BlackTeam "Germany"]
[WhiteTeamCountry "ESP"]
[BlackTeamCountry "GER"]

1. e4 c5 2. Nf3 d6 3. d4 cxd4 4. Nxd4 Nf6 5. Nc3 a6 6. Be2 e5 7. Nb3 Be7 8. O-O
O-O 9. f4 Nbd7 10. f5 b5 11. Bf3 Bb7 12. Bg5 b4 13. Bxf6 Nxf6 14. Nd5 Nxd5 15.
exd5 Qb6+ 16. Kh1 Bg5 17. Be4 a5 18. f6 g6 19. Qg4 Qe3 20. Rae1 h5 21. Qd7 Qb6
22. Bxg6 Bc8 23. Bxf7+ Kh8 24. Qa4 Ra7 25. Be8 Rxf6 26. Rxf6 Bxf6 27. Rf1 Kg7
28. c4 Bg4 29. Nc1 Qd4 30. Qc2 e4 31. h3 Qe5 32. hxg4 Qxe8 33. Rxf6 Kxf6 34.
Qf2+ Ke5 35. Qxa7 hxg4 36. Qg7+ Kf4 37. Qh6+ Kg3 38. Kg1 1-0

[Event "IX IBCA World Team Ch. for the Blind an"]
[Site "Ohrid, North Macedonia"]
[Date "2022.07.01"]
[Round "4.3"]
[White "Schellmann, Frank"]
[Black "Vela Ignacio, Jose Manuel"]
[Result "1-0"]
[WhiteElo "2009"]
[BlackElo "2026"]
[PlyCount "80"]
[EventDate "2022.06.28"]
[EventType "team"]
[EventRounds "7"]
[EventCountry "MKD"]
[WhiteTeam "Germany"]
[BlackTeam "Spain"]
[WhiteTeamCountry "GER"]
[BlackTeamCountry "ESP"]

1. e4 e6 2. d4 d5 3. e5 c5 4. c3 Nc6 5. Nf3 Qb6 6. a3 c4 7. Nbd2 Na5 8. Be2 Bd7
9. Rb1 g6 10. O-O Ne7 11. Re1 O-O-O 12. Qc2 Kb8 13. b4 cxb3 14. Nxb3 Ba4 15.
Nfd2 Bh6 16. Qa2 Bxd2 17. Nxd2 Qc7 18. Rb4 Bd7 19. Nb1 Ka8 20. a4 Rb8 21. Bb5
Nc8 22. Na3 Nb6 23. Bg5 Bxb5 24. axb5 Nc8 25. Ra1 b6 26. c4 Nxc4 27. Nxc4 dxc4
28. Rxc4 Qd7 29. Rac1 Rb7 30. Qe2 Ne7 31. Bxe7 Qxe7 32. Rc8+ Rxc8 33. Rxc8+ Rb8
34. Qc4 Qb7 35. Rc7 Qe4 36. Rxf7 Qb1+ 37. Qf1 Qb2 38. g3 Qxd4 39. Qg2+ Qd5 40.
Qxd5+ exd5 1-0

[Event "IX IBCA World Team Ch. for the Blind an"]
[Site "Ohrid, North Macedonia"]
[Date "2022.07.01"]
[Round "4.4"]
[White "Fernandez Manrique, Agustin"]
[Black "Schulz, Gert"]
[Result "1/2-1/2"]
[WhiteElo "2022"]
[BlackElo "1931"]
[PlyCount "68"]
[EventDate "2022.06.28"]
[EventType "team"]
[EventRounds "7"]
[EventCountry "MKD"]
[WhiteTeam "Spain"]
[BlackTeam "Germany"]
[WhiteTeamCountry "ESP"]
[BlackTeamCountry "GER"]

1. Nf3 c5 2. c4 g6 3. Nc3 Bg7 4. e3 Nf6 5. d4 cxd4 6. exd4 d5 7. cxd5 Nxd5 8.
Qb3 Nxc3 9. bxc3 O-O 10. Be2 Nc6 11. O-O b6 12. Re1 Qc7 13. Bb2 e6 14. c4 Rd8
15. Red1 Ba6 16. Rac1 Rac8 17. Qe3 Qe7 18. h4 Na5 19. c5 Bxe2 20. Qxe2 Qb7 21.
Ba3 Nc6 22. cxb6 axb6 23. Qe4 Qa6 24. Rxc6 Qxa3 25. Rxb6 Qxa2 26. Rc6 Rxc6 27.
Qxc6 Qd5 28. Qc7 Qd7 29. Qc5 Rc8 30. Qa5 Qd8 31. Qb5 Rb8 32. Qc5 Rc8 33. Qb5
Rb8 34. Qc5 Rc8 1/2-1/2

[Event "IX IBCA World Team Ch. for the Blind an"]
[Site "Ohrid, North Macedonia"]
[Date "2022.07.02"]
[Round "5.1"]
[White "Pulvett Marin, Daniel Eduardo"]
[Black "Began, Branko"]
[Result "1-0"]
[WhiteElo "2523"]
[BlackElo "1824"]
[PlyCount "63"]
[EventDate "2022.06.28"]
[EventType "team"]
[EventRounds "7"]
[EventCountry "MKD"]
[WhiteTeam "Spain"]
[BlackTeam "Croatia"]
[WhiteTeamCountry "ESP"]
[BlackTeamCountry "CRO"]

1. d4 d5 2. c4 c6 3. Nf3 Nf6 4. Nc3 g6 5. e3 Bg7 6. h3 O-O 7. Bd3 Nbd7 8. cxd5
Nxd5 9. e4 Nxc3 10. bxc3 e5 11. O-O exd4 12. cxd4 c5 13. Bg5 Qa5 14. d5 Ne5 15.
Nxe5 Bxe5 16. Rc1 Qc7 17. Be3 b6 18. f4 Bg7 19. Bb5 Rd8 20. e5 Bd7 21. Bc4 Qb7
22. Qb3 Rab8 23. a4 g5 24. e6 Be8 25. fxg5 fxe6 26. dxe6 Qe7 27. Rf6 Bg6 28.
Rcf1 Rf8 29. Bf4 Bxf6 30. gxf6 Rxf6 31. Bxb8 Rxf1+ 32. Bxf1 1-0